All States With a Big 4 Championship - Statistics

General Stats
  • This quiz has been taken 33 times
    25 since last reset
  • The average score is 23 of 25
Answer Stats
Titles State % Correct
45 California
100%
7 Colorado
100%
14 Florida
100%
1 Louisiana
100%
40 Massachusetts
100%
18 Michigan
100%
54 New York
100%
8 Ohio
100%
2 Washington
100%
2 Georgia
96%
20 Missouri
96%
1 Oregon
96%
32 Pennsylvania
96%
17 Texas
96%
7 Wisconsin
96%
1 Arizona
92%
19 Illinois
92%
3 Indiana
92%
1 North Carolina
92%
7 Maryland
88%
7 Minnesota
88%
3 New Jersey
88%
1 Oklahoma
88%
1 Nevada
83%
1 Kentucky
42%
No matching quizzes found
Score Distribution
Percent of People with Each Score
Percentile by Number Answered
Your Score History
You have not taken this quiz since the last reset